Statistics for Harry Potter History Quiz

Click here to take the quiz!

General Stats

  • This quiz has been taken 1,040 times
  • The average score is 11 of 15

Answer Stats

HintAnswer% Correct
what was harry's owl called?Hedwig
99%
what was harry's first bought broom called?Nimbus 2000
96%
how many books in the whole series?7
89%
how many movies are there?8
89%
who did harry get married to?Ginny Weasley
88%
what is Hagrids first name?Rubeus
85%
what movie/book did Dumbledore die in?half blood prince
82%
what house was Susan Bones in?Hufflepuff
79%
what was Hermione's cat called?Crookshanks
78%
what was Dumbledore's sister called?Ariana Dumbledore
77%
what is Cedric Diggory's father called?Amos Diggory
73%
what was Hagrids dragon called in the first movie?Norbert
71%
how do you make fluffy fall asleep?music
55%
who was Gryffindors ghost?nearly headless nick
45%
name the horcrux that was like a tiaraDiadem
0%

Score Distribution

Percentile by Number Answered

Percent of People with Each Score

Your Score History

You have not taken this quiz